000 00334nam a22001577a 4500
005 20160629122302.0
008 160629b xxu||||| |||| 00| 0 eng d
041 _aeng
082 _b11022
100 _aHussen, M.M.
_93166
245 _aBishad Sindu
260 _bHarap
300 _a312
650 _aManagement
_9241
942 _cBK
999 _c4637
_d4635